00672naa a2200193 a 450000100080000000500110000800800410001910000180006024501280007826000090020630000160021565300190023165300130025065300130026365300140027665300230029065300100031377301550032310320982004-08-11 2003 bl uuuu u00u1 u #d1 aPRANDO, H. F. aEstudo do comportamento do percevejo-do-colmo (Tibraca limbativentris) em arroz irrigado, sistema de cultivo pre-germinado. c2003 ap. 412-414. aArroz irrigado aBiologia aControle aPercevejo aPercevejo-do-colmo aPraga tIn: CONGRESSO BRASILEIRO DE ARROZ IRRIGADO, 3.; REUNIAO DA CULTURA DE ARROZ IRRIGADO, 25., 2003, Balneario Camboriu, SC. Anais...Itajai: Epagri, 2003.